| 000 | 01092nam a2200277Ia 4500 | ||
|---|---|---|---|
| 003 | OSt | ||
| 005 | 20221005110938.0 | ||
| 006 | a|||||r|||| 00| 0 | ||
| 007 | ta | ||
| 008 | 221004b |||||||| |||| 00| 0 hin d | ||
| 020 |
_a9788126700356 (hbk) _c350 |
||
| 024 | _a11167 | ||
| 037 |
_bBR7982, 13/03/2014, Rajkamal Prakashan Pvt. Ltd. _cTextual |
||
| 040 |
_aCRL _cCRL _bhin |
||
| 041 |
_2hin _ahin |
||
| 082 | _aO152vN3, J2;Q0 | ||
| 100 | _aद्विवेदी, हजारी प्रसाद | ||
| 245 | 0 |
_aहिन्दी साहित्य _b उद्भव और विकास |
|
| 246 | _aHindī sāhitya: udbhav aur vikāsa | ||
| 250 | _a6 संस्करण | ||
| 260 |
_aनई दिल्ली _bराजकमल प्रकाशन भारत _c2013 |
||
| 300 |
_a266पृ0 _ccm. |
||
| 650 | _aहिन्दी साहित्य | ||
| 942 |
_hO152vN3, J2;Q0 _cTEXL _2cc |
||
| 999 |
_c1020331 _d1020331 |
||